FAO fisheries technical paper N.333 Fisheries intensification in small water bodies: a review for North America

Enregistré dans:
Détails bibliographiques
Auteur principal: John F Moehl
Format: Livre
Langue:Undetermined
Publié: Rome FAO 1993
Sujets:
Tags: Ajouter un tag
Pas de tags, Soyez le premier à ajouter un tag!
Thư viện lưu trữ: Trung tâm Học liệu Trường Đại học Cần Thơ
LEADER 00571nam a2200193Ia 4500
001 CTU_4125
008 210402s9999 xx 000 0 und d
082 |a 639 
082 |b F533/N.333 
100 |a John F Moehl 
245 0 |a FAO fisheries technical paper N.333 
245 0 |b Fisheries intensification in small water bodies: a review for North America 
245 0 |c John F Moehl 
260 |a Rome 
260 |b FAO 
260 |c 1993 
650 |a fisheries 
904 |i Nguyễn Quang Điền, 960530 
980 |a Trung tâm Học liệu Trường Đại học Cần Thơ